[Event "GRE CupT final 35th"]
[Site "Rio Achaia"]
[Date "2017.07.01"]
[Round "1"]
[White "Ioannidis, Evgenios"]
[Black "Anestis, Ioannis"]
[Result "1-0"]
[WhiteElo "2388"]
[BlackElo "1651"]
[PlyCount "61"]
[EventDate "2017.07.01"]
[EventType "team-k.o."]
[EventRounds "5"]
[EventCountry "GRE"]
[SourceTitle "CBM 179 Extra"]
[Source "ChessBase"]
[SourceDate "2017.08.23"]
[SourceVersion "1"]
[SourceVersionDate "2017.08.23"]
[SourceQuality "1"]
[WhiteTeam "Kavalas SO"]
[BlackTeam "Evoiki ES"]
[WhiteTeamCountry "GRE"]
[BlackTeamCountry "GRE"]

1. d4 Nf6 2. c4 e6 3. Nc3 d5 4. cxd5 exd5 5. Bg5 Be7 6. e3 c6 7. Bd3 Nbd7 8. Qc2 h6 9. Bh4 Ng4 10. Bg3 Nb6 11. Nf3 Nc4 12. h3 Nf6 13. b3 Nd6 14. Ne5 Qa5 15. 0-0 Be6 16. a3 Qd8 17. b4 a6 18. Na4 Nfe4 19. Nc5 Nxc5 20. bxc5 Nb5 21. a4 Nc7 22. Rab1 Bc8 23. Bf5 0-0 24. Bxc8 Qxc8 25. Qb2 Rb8 26. Qb6 Re8 27. Nxc6 Bxc5 28. Qxc7 Qxc7 29. Bxc7 Rbc8 30. Rxb7 Bf8 31. Rfb1 1-0